|
|
|
|
| LEADER |
00000nam0a2200000 4500 |
| 001 |
124070 |
| 005 |
20231031130727.0 |
| 010 |
|
|
|a 9785859718108
|
| 035 |
|
|
|a (RuTPU)RU\TPU\book\134273
|
| 090 |
|
|
|a 124070
|
| 100 |
|
|
|a 20071027d2007 m y0rusy50 ca
|
| 101 |
0 |
|
|a rus
|
| 102 |
|
|
|a RU
|
| 105 |
|
|
|a a j 001zy
|
| 200 |
1 |
|
|a Финансовый менеджмент
|e учебное пособие
|f Н. В. Никитина
|
| 210 |
|
|
|a Москва
|c КноРус
|d 2007
|
| 215 |
|
|
|a 336 с.
|c ил.
|
| 333 |
|
|
|a Исключено из фонда НТБ ТПУ
|
| 700 |
|
1 |
|a Никитина
|b Н. В.
|g Наталья Викторовна
|
| 801 |
|
1 |
|a RU
|b 63413507
|c 20071027
|g PSBO
|
| 801 |
|
2 |
|a RU
|b 63413507
|c 20220530
|g PSBO
|
| 942 |
|
|
|c BK
|
| 959 |
|
|
|a 70/20071010
|d 3
|e 120,00
|f АНЛ:2
|f ЧЗГЛ:1
|